logo

Bir Sreshtho Munshi Abdur Rouf Library
Jhenaidah Cadet College

Voice of thunder / (Record no. 8048)

MARC details
000 -LEADER
fixed length control field 00783cam a2200265 a 4500
001 - CONTROL NUMBER
JCCL Control Number 8048
003 - CONTROL NUMBER IDENTIFIER
JCCL marc code BD-JhCC
005 - DATE AND TIME OF LATEST TRANSACTION
control field 20180313184753.0
008 - FIXED-LENGTH DATA ELEMENTS--GENERAL INFORMATION
fixed length control field 741212r1973 pk a 000 0beng
035 ## - SYSTEM CONTROL NUMBER
system control number (BD-JhCC)8048
035 ## - SYSTEM CONTROL NUMBER
system control number 234900
040 ## - CATALOGING SOURCE
Original cataloging agency LC
Transcribing agency LC
Modifying agency NNCU:A
-- BD-JhCC
041 ## - LANGUAGE CODE
Language code of Book eng
050 00 - LIBRARY OF CONGRESS CALL NUMBER
Classification number DS395.7.M9
Item number H87
082 04 - DEWEY DECIMAL CLASSIFICATION NUMBER
Classification number 954.9/2/040924
Author mark and Year HUQ 1973
100 1# - MAIN ENTRY--PERSONAL NAME
Personal name Huq, Obaidul.
245 10 - TITLE STATEMENT
Title Voice of thunder /
Statement of responsibility, etc Obaidul Huq.
260 ## - PUBLICATION, DISTRIBUTION, ETC. (IMPRINT)
Place of publication, distribution, etc Dacca :
Name of publisher, distributor, etc Anjam Maroof,
Date of publication, distribution, etc 1973.
300 ## - PHYSICAL DESCRIPTION
Pagination 213 p. :
Other physical details ill. ;
Dimensions 22 cm.
500 ## - GENERAL NOTE
General note "Serialised in the Bangladesh Observer under the title: A leader with a difference."
600 00 - SUBJECT ADDED ENTRY--PERSONAL NAME
Personal name Mujibur Rahman,
Titles and other words associated with a name Sheikh,
Dates associated with a name 1922-1975.
651 #0 - SUBJECT ADDED ENTRY--GEOGRAPHIC NAME
Geographic name Bangladesh
General subdivision Politics and government.
942 ## - ADDED ENTRY ELEMENTS (KOHA)
Source of classification or shelving scheme Dewey Decimal Classification
Koha item type Books
Holdings
Source of classification or shelving scheme Damaged status Not for loan Home library Current library Shelving location Total Checkouts Full call number Barcode Date last seen Copy number Koha item type Cost, normal purchase price
Dewey Decimal Classification     JCC Rouf Library JCC Rouf Library General Stacks   954.9/2/040924 HUQ 1973 10567 02/17/2018 C-1 Books  
Dewey Decimal Classification     JCC Rouf Library JCC Rouf Library General Stacks   954.9/2/040924 HUQ 1973 12507 03/13/2018 C-2 Books 20.00

JCC Library | Contacts | JCC Home

Last Update on 23 September 2017
Copyright @ 2017-2020 JCC Rouf Library
Rouf Library, Jhenidah Cadet College (JCC), Bangladesh